000
00303nam a22001097a 4500
008
160510b xxu||||| |||| 00| 0 eng d
020
_a
0306311518
041
_a
eng
080
_a
61
245
_a
The woman patient medicaland psychological interfaces:
_c
Malkah T.Notman; Carol C.Nadelson;
942
_2
udc
_c
BK
999
_c
1996
_d
1996